000 00924nam2a2200241 4500
001 RU\NLR\bibl\1065075
005 20250615041712.0
035 _a(NLR Aleph) 001052330
090 _a886524
_c886524
100 _a20070328d1927 |||y0rusy50 ca
101 1 _arus
_ceng
102 _aRU
105 _ay |||||||||
200 1 _aСлава за любовь
_eроман
_fпер. с англ. М.В. Коваленской
210 _d1927
_aБ. м.
215 _a354 с.
327 1 _aДр. произведения авт. в конце текста
461 0 _1001RU\NLR\bibl\1073707
_12001#$aСобрание сочинений$vТ. 2
_9938032
_aЛокк, У. Д. (1863-1930)
_cМосква
_d1927
_fУильям Локк
_nСовременные проблемы
_tСобрание сочинений
_vТ. 2
801 0 _aRU
_bNLR
_c20070328
_gRCR
801 1 _aRU
_bNLR
_c20070328
942 _cBOOK
980 _aNB